| 000 | 00557nam a22001937a 4500 | ||
|---|---|---|---|
| 005 | 20260331153355.0 | ||
| 008 | 260331b |||||||| |||| 00| 0 eng d | ||
| 020 | _a978-93-5316-985-5 | ||
| 050 | _aRC 46 .H37 2020 | ||
| 100 | _aJAMESON, J LARRY. | ||
| 245 | _aHARRISON'S MANUAL OF MEDICINE | ||
| 250 | _a20TH | ||
| 260 |
_aINDIA _bMcGRAW HILL EDUCATION PRIVATE LIMITED _c2020 |
||
| 300 | _aXVII,1245 P, ILL | ||
| 500 | _aINCLUDES INDEX AND GLOSSARY | ||
| 650 | _aHEALTH | ||
| 700 | _aFAUCI, ANTHONY S. KASPER, DENNIS L. | ||
| 942 |
_2lcc _cBK |
||
| 999 |
_c216907 _d216907 |
||